000 00559nam a2200241Ia 4500
005 20260306150257.0
008 008 260114s9999 xx 000 0 eng d
020 _a9780520915305
037 _aEbook
040 _aCRL
040 _beng
040 _cCRL
041 _2eng
041 _aeng
084 _qCRL
245 4 _aThe Worth of a Child
260 _bUniversity of California Press
260 _c1997
650 _aPhilosophy
856 _uhttps://www.degruyter.com/isbn/9780520915305
942 _cEBOOK
999 _c1695313
_d1695313